[Event "Skopje op 18th"]
[Site "Skopje"]
[Date "2002.01.19"]
[Round "5"]
[White "Efimov, Igor"]
[Black "Ivanisevic, Ivan"]
[Result "1-0"]
[WhiteElo "2444"]
[BlackElo "2540"]
[Annotator "Postny,E"]
[PlyCount "81"]
[EventDate "2002.01.15"]
[EventType "swiss"]
[EventRounds "9"]
[EventCountry "MKD"]
[SourceTitle "CBM 088"]
[Source "ChessBase"]
[SourceDate "2002.03.21"]
[SourceVersion "1"]
[SourceVersionDate "2002.03.21"]
[SourceQuality "1"]

1. c4 g6 2. g3 Bg7 3. Bg2 Nf6 4. Nc3 O-O 5. d3 {This setup frequently appeares
in the games of GM Mikhail Gurevich.} c6 {[%cal Gd7d5]} (5... d6 6. e3 Nc6 7.
Nge2 e5 8. Rb1 a5 9. b3 Re8 10. O-O Ne7 11. e4 Nc6 12. h3 Nd7 13. Be3 Nc5 14.
d4 exd4 15. Nxd4 Bd7 16. Ndb5 Na7 17. Bd4 Nxb5 18. cxb5 $14 {1-0 Gurevich,
M-Nataf,I/France 2001/EXT 2002 (63)}) 6. e4 d6 7. Nge2 a6 {Other possibility
of play is 7...e5.} 8. O-O b5 9. a3 Nbd7 $146 (9... bxc4 10. dxc4 a5 11. Rb1
Na6 12. b4 Nd7 13. b5 Nac5 14. bxc6 Ne5 15. Nd4 Ra6 16. Nd5 e6 17. Ne3 Nxc6 18.
Nxc6 Rxc6 $11 {0-1 Mandekic,I-Hulak,K/Pula 1999/EXT 2000 (34)}) 10. h3 Nb6 $6 {
This is not the best square for the N.} ({Black should better open the "b"
file after} 10... bxc4 11. dxc4 Rb8) 11. b3 $14 {Simply defending the Pc4 and
keeping the Nb6 restricted. Black can not exploit the visible weakness of the
h8-a1 diagonal.} e5 ({Comes into consideration} 11... Nfd7) 12. f4 exf4 13.
gxf4 ({Worse is} 13. Bxf4 Nh5) 13... Nh5 14. Be3 {White is intending to play
f4-f5 somewhere and get strong initiative on the kingside.} d5 {Logical
attempt to harass white's pawncentre.} 15. e5 f6 16. c5 {Exploiting the bad
placement of the Nb6, white closes the centre in his favour.} fxe5 17. fxe5 ({
The position after} 17. cxb6 $2 d4 {does not looks good for white.}) 17... Nd7
18. d4 {It should be noticed, that from the first 18 moves white did 13 with
his pawns! However his development is very good and static centre as well as
space advantage yields him an advantage.} Rxf1+ 19. Qxf1 Ra7 $1 {[%cal Yd7f8,
Ya7f7]} 20. Nf4 $6 {The Nh5 stands quite bad and now black has got a chance to
exchange it without any damage.} ({More troublesome for black is:} 20. Bf3 Nf8
(20... Qh4 $6 21. Bg4 $16) 21. Qg2 Rf7 22. Bxh5 gxh5 23. Bg5 Qd7 24. Nf4 $14)
20... Nxf4 21. Qxf4 Nf8 22. Rf1 (22. Qg3 $142) 22... Bf5 (22... Qa5 23. Nxd5 $6
(23. Nb1) 23... cxd5 24. Bxd5+ Be6 25. Qe4 Bxd5 26. Qxd5+ Kh8 $15) 23. Qg5 $6 (
{Interesting is} 23. Na2 $5 {[%csl Rc6][%cal Ga2b4] and if black plays 23...a5,
the move Qa5 will be no more possible.}) 23... Qa5 24. Bd2 {[%cal Gc3d5]} Ne6
$6 ({More of principle is:} 24... Qxa3 25. Nxd5 $5 cxd5 26. Bxd5+ Kh8 (26...
Be6 27. Rxf8+ Kxf8 28. Qd8+ (28. Bxe6 $2 Qa1+ 29. Kg2 Qxd4 $17) 28... Kf7 29.
Bxe6+ Kxe6 30. Qd6+ Kf5 31. Qd5 Qa1+ 32. Kg2 Qa2 33. e6+ Kf6 34. Qe5+ Ke7 $11)
27. Bc3 {[%csl Ra3][%cal Gf1a1]} Qa2 {In this irrational position the main
question is - what white's central pawns are really worth?}) 25. Nxd5 Nxg5 ({
Again Fritz fearlessly suggests the capture of the Pa3 and it's hard to refute
it:} 25... Qxa3 26. Ne7+ (26. Nf6+ $2 Bxf6 27. Qxf6 Qxb3 28. Bxc6 Qxh3 29. Rxf5
Qxf5 30. Qxf5 gxf5 31. Be3 {[%cal Gd4d5]} Kf8 $1 32. d5 f4 $1 33. Bc1 Nd8 $19)
(26. Qh4 $5) 26... Kf7 $1 {[%csl Re7,Rg5]} 27. Rxf5+ gxf5 28. Qh5+ Kxe7 29.
Bxc6 {[%cal Gh5e8]} Qa1+ 30. Kg2 Bxe5 {and black is fine.}) 26. Bxa5 cxd5 27.
Bb6 $1 {Good intermediate move before capturing the Pd5. Black's R is lack of
safe square.} Rf7 $2 {This natural move is a decisive mistake.} (27... Re7 28.
Bd8 {This move was probably the reason, why black rejected 27...Re7. However
the matters are completely unclear. The game could continue:} Kf8 29. Bxe7+
Kxe7 30. Bxd5 Nxh3+ 31. Kh2 Ng5 {with double-edged endgame.}) 28. Bxd5 Be6 (
28... Ne6 $2 29. Rxf5 $18 {[%csl Gd5,Re6,Rf7,Rg8]}) 29. Bxe6 Nxe6 30. c6 {
Perhaps Ivanisevic did not evaluated properly this position before playing 27..
.Rf7.} Re7 31. d5 {The white passed pawns are doing the job. Black has to give
a piece back.} Bxe5 32. dxe6 Kg7 $2 {Loses on the spot.} ({More stubborn
resistance after} 32... Rxe6 33. Rc1 Re8 34. c7 Rc8 35. Kg2 Kf7 36. Rd1 Ke6 37.
Rd8 Rxc7 38. Bxc7 Bxc7 {and white still has to produce some technic.}) {
[%tqu "En","Please enter a move for white.","","","f1f7","",5]} 33. Rf7+ $1
Rxf7 34. exf7 Kxf7 35. c7 {That's it. White remains with a piece up. The rest
is easy.} Bxc7 36. Bxc7 Ke6 37. Kf2 Kd5 38. Ke3 g5 39. Bd8 h6 40. Kf3 Kd4 41.
Kg4 1-0

[Event "EU-chT (Men) 13th"]
[Site "Leon"]
[Date "2001.11.11"]
[Round "6.3"]
[White "Lopez Martinez, Josep Manuel"]
[Black "Mamedyarov, Shakhriyar"]
[Result "1/2-1/2"]
[WhiteElo "2474"]
[BlackElo "2503"]
[Annotator "Postny,E"]
[PlyCount "117"]
[EventDate "2001.11.06"]
[EventType "team-swiss"]
[EventRounds "9"]
[EventCountry "ESP"]
[SourceTitle "CBM 086"]
[Source "ChessBase"]
[SourceDate "2002.02.05"]
[SourceVersion "1"]
[SourceVersionDate "2002.02.05"]
[SourceQuality "1"]
[WhiteTeam "Spain II"]
[BlackTeam "Azerbaijan"]
[WhiteTeamCountry "ESP"]
[BlackTeamCountry "AZE"]

1. Nf3 Nf6 2. c4 g6 3. Nc3 Bg7 4. e4 e5 $6 {A dubious continuation to avoid
King's Indian defense.} 5. Nxe5 {This is the critical line.The alternative 5.
d4 may lead to one of the variations of King's Indian defense.} Nxe4 (5... Qe7
$6 6. Nf3 Nxe4 7. Nd5 Qd8 8. d3 (8. Qe2 $2 O-O) 8... Nf6 9. Qe2+ Kf8 10. Nxf6
Bxf6 11. Bh6+ Bg7 12. Qd2 $16 {1-0 Sorokin,M-Alonso,S/Buenos Aires 1998/CBM 65
(32)}) 6. Nxe4 Bxe5 7. d4 Bg7 8. Bg5 f6 9. Be3 O-O 10. Nc3 (10. Qd2 d5 11. Nc3
c6 12. cxd5 cxd5 13. g3 Nc6 14. Bg2 Be6 15. O-O Qd7 16. Rfe1 Rfe8 17. Bh6 Bf7
18. Bxg7 Kxg7 19. h3 $14 {1-0 Franco Ocampos,Z-Ricardi,P/Buenos Aires 1988/EXT
97 (45)}) 10... Nc6 11. Qd2 $146 ({White got a better position after} 11. d5 {
in the game Timman,J-Aronian,L /FIDE-Wch 1999/CBM 72 [Mikhalevski V.]}) 11...
a6 (11... f5 12. d5 (12. g3 $5) 12... Ne5 13. Be2 $14) (11... d6 {will
probably lead to a same position in the game.}) 12. Be2 {White has advantage
in space as well as white's K has the option to castle to both sides-this
makes white's position more flexible.} d6 13. h4 f5 ({In case of} 13... h5 {
white will castle queenside} 14. O-O-O {/\ f3 and g4 creating an attack. Black
will have to play f5 anyway.}) 14. g3 ({Possible was} 14. d5 Ne5 15. h5 Ng4 16.
Bxg4 fxg4 17. hxg6 hxg6 18. O-O-O $14) 14... h5 15. O-O-O Kh7 ({Deserved
attention} 15... b5 {- a typical pawn sacrifice in King's Indian opening.} 16.
cxb5 axb5 17. Bxb5 Bb7 {Black has some compensation for a pawn, however white
should be better in this case as well.}) 16. Nd5 (16. Rhe1 $6 f4 $1 17. Bxf4
Nxd4) 16... b5 17. Nf4 ({No good for white is} 17. cxb5 $2 axb5 18. Bxb5 Bb7 {
[%csl Ra2,Rd5,Rh1]}) 17... Qd7 {This move looks a bit awkward, but it's hard
to suggest something better.} (17... bxc4 18. Bxc4 Rb8 19. Rhe1 $16) 18. c5 (
18. d5 $6 Ne5 19. Ne6 Re8 $13) 18... dxc5 19. dxc5 Qf7 $6 {This move is too
optimistic.} ({Better was} 19... Ne5 {and black is only slightly worse.}) 20.
Qd5 $2 {This careless move spoiles all white's advantage.} (20. Bf3 Rd8 (20...
Qxa2 21. Bxc6 Qa1+ 22. Kc2 Qxb2+ 23. Kd3 Rd8+ 24. Nd5 $18) 21. Bd5 Qf6 22. Qe2
Bb7 23. Rd2 $16) 20... Qf6 {This move was probably overlooked or underrated by
white.The Q on d5 is quite vulnerable.} 21. Qb3 {White actually lost two
tempoes-the consequence of bad previous move.} (21. Rd2 $2 Rd8 22. Qb3 Rxd2 23.
Bxd2 Nd4 $17) 21... Bb7 22. Rhe1 (22. Ne6 $6 Na5 $1 23. Nxf8+ Rxf8 $36) 22...
Rfd8 23. Ne6 Na5 24. Ng5+ (24. Qb4 $6 Qxe6 25. Qxa5 Be4 $15) 24... Qxg5 (24...
Kh8 $6 25. Qa3 $14 {[%csl Gg5]}) 25. Bxg5 Nxb3+ 26. axb3 {The position from
complicated middlegame transformed into relatively calm endgame.} Rd5 $11 27.
b4 (27. Rxd5 Bxd5 28. Bd1 Rf8 29. Re7 Rf7 $11) 27... Re8 28. Bf1 Rxd1+ 29. Rxd1
Bc6 (29... Bf3 $2 {looks attractive, but it turns out to be in white's favour
after} 30. Rd7 Re1+ 31. Kc2 Rxf1 32. Bf6) 30. Bd3 Bf3 31. Rf1 c6 32. Kc2 Bd4
33. Be3 $1 {Black's BB become very active-white has to change one of them.}
Bxe3 34. fxe3 Bd5 (34... Rxe3 $4 35. Kd2 $18 {[%csl Re3,Rf3]}) 35. Kd2 Kg7 36.
Ra1 Ra8 {Despite the fact, that all black's pawns are on the "wrong colour
squares", black's position is not worse, since white's kingside pawns are
vulnerable.} 37. Kc3 Kf6 38. Kd4 {[%cal Gd3b5]} Bg2 (38... g5 $2 39. Bxb5) 39.
Bc2 g5 40. Rg1 Rd8+ 41. Kc3 Bf3 42. Ra1 ({More precise was} 42. Rf1 g4 {
and now, when there is no pressure on the kingside white plays} 43. Ra1 ({
but not} 43. e4 $2 Re8 44. exf5 Re3+ 45. Kd4 Re2 46. Kc3 Rg2 $17) {Black has
to give a perpetual after} 43... Re8 44. Kd2 Rd8+ $11) 42... Re8 43. Kd2 gxh4
44. gxh4 Rd8+ 45. Kc3 Re8 46. Kd2 Rd8+ {The moves repetition is very useful,
when the time-control contains an increment of time after each move.} 47. Kc3
Re8 48. Kd2 Rg8 49. Rxa6 Rg4 50. Ra8 {[%csl Rf5][%cal Ga8f8]} (50. e4 $2 Rxh4
51. Rxc6+ Ke5 52. Rb6 Rh2+ $17) (50. Bd1 $6 Rg2+) 50... Rxh4 ({Wrong is} 50...
Rxb4 $2 51. Rf8+ Ke6 52. Rxf5 Bg4 53. Rg5 $16 Rxb2 $2 54. Kc3 {[%csl Rb2]}) 51.
Rf8+ Ke6 (51... Ke7 52. Rxf5 Rh2+ 53. Kd3 $1 Rxc2 54. Rxf3 Rxb2 $11) 52. Bxf5+
(52. Rxf5 $2 Rh2+ {[%csl Rf5]} 53. Ke1 $8 Re2+ 54. Kf1 Bg4 55. Rf2 Rxe3 $17)
52... Ke7 53. Rc8 Rxb4 54. e4 Bxe4 (54... Rxb2+ $6 55. Kc3) 55. Bxe4 Rxe4 56.
Rxc6 {Now all the resources exhausted.} Rd4+ 57. Ke3 Rb4 58. Rh6 h4 59. Kd3
1/2-1/2

[Event "Sautron op 11th"]
[Site "Sautron"]
[Date "2011.10.29"]
[Round "9"]
[White "Ivanov, Jordan"]
[Black "Le Roux, Jean Pierre"]
[Result "0-1"]
[WhiteElo "2402"]
[BlackElo "2522"]
[Annotator "Primel,D"]
[PlyCount "58"]
[EventDate "2011.10.22"]
[EventType "swiss"]
[EventRounds "9"]
[EventCountry "FRA"]
[SourceTitle "EXT 2016"]
[Source "ChessBase"]
[SourceDate "2015.10.08"]
[SourceVersion "1"]
[SourceVersionDate "2015.10.08"]
[SourceQuality "1"]
[TimeControl "40/5400+30:1800+30"]
[WhiteClock "1:30:00"]
[BlackClock "1:30:00"]

1. Nf3 Nf6 2. c4 g6 3. Nc3 d5 4. cxd5 Nxd5 5. Qc2 $5 {Une étonnante idée de
Topalov} Nc6 (5... Bg7 $143 6. e4 Nxc3 7. dxc3 O-O (7... Nd7 8. h4 $5) 8. Bf4 {
[%cal Ga1d1]} c5 9. Bc4 Nc6 10. h3 $14 {Diaz Hollemaert,N (2418)-Lujan,M (2366)
ARG-ch 87th Villa Martelli 2013 (6) 1/2} (10. Rd1 Qa5 11. O-O Bg4 $132)) (5...
Nb4 6. Qa4+ (6. Qb3)) 6. d4 (6. e4 Ndb4 7. Qa4 (7. Qb1 Bg4 8. a3 Bxf3 9. axb4
Bg4 10. Bb5 Qd6 11. d4 Bd7 12. Bxc6 bxc6 13. Be3) 7... Bd7 {[%cal Gd7a4]} 8.
Qb3) 6... Ndb4 7. Qa4 Bd7 8. Qd1 e5 9. dxe5 Bf5 (9... Bg4 10. Bg5 Be7 (10...
Qxd1+ 11. Rxd1 Bxf3 12. gxf3 (12. Bf6 Bg4 13. Bxh8))) 10. Bg5 {89} Be7 {84} (
10... Nc2+ 11. Qxc2 Bxc2 12. Bxd8 {So,W (2653)-Gupta,A (2644) Asian
Continental op 2012 (7) 1/2}) 11. Bxe7 (11. e4 {Probablement une simple
transposition par rapport à la suite de la partie}) 11... Qxe7 12. e4 Bg4 (
12... Rd8 13. Qa4 (13. Qb3) 13... Bd7 14. Qb3 {Can,E (2476)-Sutovsky,E (2700)
EU-ch 13th Plovdiv 2012 (1) 0-1} (14. O-O-O)) 13. a3 Bxf3 14. gxf3 Rd8 $1 {
[%csl Gd8][%cal Gd8d1,Gb4d3] Gagnant un tempo important} 15. Qa4 {82} Nd3+ {64}
16. Bxd3 Rxd3 17. Qb5 {[%cal Gb5b7,Gb5d3]} (17. f4 $5 $146 {Renforce le centre
et renonce au oo qui semble assez risqué} O-O 18. Rd1 {L'idée de cette
nouveauté f4} Rxd1+ (18... Rfd8 19. Nd5) (18... Rxc3 19. bxc3 Qh4 {[%csl Rf4]}
20. e6 $5 fxe6 21. Qb3 Qxf4 22. Qxe6+ Kh8 23. O-O Ne5 $44 {[%cal Ge5f3]}) 19.
Kxd1 $1 {Roquant "à la main"} Rd8+ 20. Kc1 {[%cal Gc3d5,Gh1d1,Gd5f6]} Rd4 21.
Qb5 Qh4 22. Nd5 {[%cal Gd5f4,Gd5f6] Avec des chances réciproques}) 17... Rd4 (
17... Rxf3 18. Qxb7 Nd8 $132 {Arnaudov,P (2476)-Cheparinov,I (2664) BUL-ch
Panagyurishte 2012 (9) 0-1}) 18. f4 {71} (18. O-O $143 Qg5+ 19. Kh1 Qf4 {
[%csl Rf3,Rh1]}) (18. Nd5 $5 {[%cal Gd5e7] Permettait une variante
"romantique" avec double sacrifice de R} Qxe5 19. Qxb7 Rxe4+ $1 20. fxe4 Qxe4+
21. Ne3 Qxh1+ 22. Kd2 Qxa1 23. Qxc6+ Kf8 (23... Ke7 24. Qc5+ Kf6 25. Qc3+) 24.
Qf6 Rg8 25. Nd5 $44 {Le couple N+ Q est toujours redoutable}) 18... O-O {55}
19. Qxb7 {58} (19. h4 Qe6 20. Qe2 Rfd8 21. h5 Qb3 22. hxg6 hxg6 23. Rh3 Rd2 24.
Qg4 R2d3 25. Rxd3 Rxd3 26. Rd1 Rxd1+ 27. Nxd1 Nd4 28. Qd7 Qd3 29. Qd8+ Kg7 30.
Qf6+ Kg8 31. Qd8+ Kg7 {1/2-1/2 (31) Zhao,J (2577)-Gao,R (2427) Ho Chi Minh
City 2012}) 19... Qe6 $1 $36 {[%cal Ge6g4,Ge6c6]} 20. O-O (20. Qxc7 $6 Rc8 21.
Qb7 Rb8 22. Qa6 Rxb2 $36) 20... Qg4+ 21. Kh1 Qf3+ 22. Kg1 Rc4 23. Qb5 $2 {
[%cal Gb5c4] Un coup naturel mais le GMI va trouver une belle réponse} (23.
Nd5 {[%cal Gd5f4,Gd5f6]} Nd4 {[%cal Gd4e2]} 24. Rae1 Qg4+ (24... Ne2+ 25. Rxe2
Qxe2 26. Ne3) 25. Kh1 Qh3 26. Qa6 Nf3 27. Ne7+ Kg7 28. Qf6+ Kh6 29. Nf5+ Kh5
30. Ng7+ Kh6 {Spectaculaire mais il n'y a probablement pas plus que la nulle})
23... Qxf4 $3 {[%csl Rg1]} 24. Ne2 (24. f3 Nxe5 25. Kh1 Rd8 26. Nd5 Rxd5 27.
Qxd5 Rc2 {[%csl Rh2]}) 24... Qg4+ 25. Ng3 Nd4 $1 26. f3 (26. Qxc4 Nf3+ 27. Kg2
Nh4+ 28. Kg1 Qf3) 26... Qxg3+ 27. hxg3 Nxb5 28. Rfc1 Rxc1+ 29. Rxc1 Rd8 0-1

[Event "FRA-chT Top 16 Gp Basse"]
[Site "Guingamp"]
[Date "2010.06.03"]
[Round "8.3"]
[White "Colin, Vincent"]
[Black "Lagno, Kateryna"]
[Result "0-1"]
[WhiteElo "2428"]
[BlackElo "2527"]
[Annotator "Primel,D"]
[PlyCount "88"]
[EventDate "2010.06.03"]
[EventType "team-tourn"]
[EventRounds "11"]
[EventCountry "FRA"]
[SourceTitle "EXT 2011"]
[Source "ChessBase"]
[SourceDate "2010.11.26"]
[SourceVersion "1"]
[SourceVersionDate "2010.11.26"]
[SourceQuality "1"]
[WhiteTeam "Deauville"]
[BlackTeam "Cannes"]
[WhiteTeamCountry "FRA"]
[BlackTeamCountry "FRA"]

1. c4 Nf6 2. Nc3 d5 3. cxd5 Nxd5 4. e4 (4. Nf3 {Il est plus souple de retarder
la poussée e4 pour jouer le coup naturel 4.Nf3} g6 5. h4 $5 (5. e4 Nxc3 6. dxc3
$5 {Contrairement aux apparences, la finale n'est pas si facile а jouer pour
les noirs qui doivent être précis pour égaliser et le GMI Andersson avait
réaliser un grand score avec cette variante au début des années 80.} Qxd1+ 7.
Kxd1 f6 8. Be3 {[%cal Gd1c2]} e5 {Andersson,U (2560)-Franco Ocampos,Z (2360)
Clarin Buenos Aires 1979 (8) 1-0}) 5... h6 6. e4 Nxc3 7. bxc3 (7. dxc3 Qxd1+ 8.
Kxd1 Bg4 9. Kc2 $14) 7... Bg7 8. d4 c5 9. Rb1 O-O 10. Be2 Nd7 11. O-O e5 12. h5
exd4 13. hxg6 fxg6 14. cxd4 cxd4 15. Nxd4 Nc5 16. Be3 $16 {Ribli,Z (2580)
-Smejkal,J (2565) Novi Sad 1982 1/2} (16. Bc4+ Kh8 17. Bd5 Nxe4 18. Bxe4 Bxd4
19. Bxh6 Rxf2 20. Rxf2 Bxf2+ 21. Kxf2 Qh4+ 22. Kg1 Qxh6 23. Qd8+ Kh7 24. Qe7+
Qg7 25. Qd6 $40 {[%csl Rh7] Siebrecht,S})) 4... Nxc3 5. bxc3 (5. dxc3 $5 Qxd1+
6. Kxd1 e5 $11 {A la diffférence de la variante Andersson, les noirs n'ont pas
encore joué g6}) 5... g6 6. h4 $5 {Une ligne secondaire} (6. d4 {Retombe sur
une Gruenfeld}) 6... h5 {[%csl Rg5] L'affaiblissement de la case "g5" n'est
pas négligeable} (6... Bg7 $143 7. h5 $36) (6... h6 $5 {Plus souple}) 7. d4 (7.
Nf3 Bg7 8. d4 c5 9. Be3 $14 {Morozevich,A (2755)-Mamedyarov,S (2752) Wch Blitz
Moscow 2007 (30) 1/2}) 7... Bg7 8. Be3 $146 (8. Bc4 Nd7 9. Nf3 Nb6 10. Bb3 Bg4
11. Qd3 O-O 12. Ng5 $1 {[%csl Rf7][%cal Gf2f3]} c5 13. f3 cxd4 14. fxg4 dxc3
15. Qe3 Qd4 16. gxh5 Be5 17. Nf3 Bg3+ 18. Kf1 Qc5 19. e5 Nc4 20. Bxc4 Qxc4+ 21.
Qe2 Rac8 22. Qxc4 Rxc4 {Murey,J (2403)-Vaugeois,S (2094)/France 2009/EXT 2010/
1-0}) 8... c5 9. Bb5+ $5 {Force, les noirs а jouer Bd7 où le B n'est pas trés
actif et il va gêner la Q dans la pression sur "d4" mais la perte de temps
dans une position ouverte n'est pas négligeable} (9. Qd2 Nc6 10. Rd1 {[%csl
Gd4]}) 9... Bd7 10. Be2 {[%cal Gg2g4]} (10. Bxd7+ Qxd7 11. Nf3 (11. Qd2) 11...
Nc6 12. Qd2 Qg4 {[%csl Rg2,Rh5]}) 10... Qa5 11. Kf1 $13 {La suite logique du
plan des blancs d'attaquer а l'aile-roi mais au risque d'un retard de
développement} (11. Qd2 Nc6 12. Nf3 Bg4 13. Rb1 {[%csl Rb7]} Bxf3 14. gxf3 cxd4
15. cxd4 Qxd2+ 16. Kxd2 Nxd4 (16... Bxd4 17. Rxb7 $14 {[%csl Gb7]}) 17. Rxb7
Nxf3+ $1 {C'est la différence entre prendre en "d4" avec le B ou le N} 18. Bxf3
(18. Kc1 {[%csl Rc1]} Rc8+ $17 {[%cal Ge8g8]}) 18... O-O-O+) 11... O-O $32 12.
g4 $5 {Risqué mais c'est la seule chance pratique des blancs} (12. Nf3 {
[%csl Rf1]} Nc6 $15) (12. Nh3) 12... hxg4 (12... Bxg4 13. Bxg4 hxg4 14. h5 $36
{[%cal Gd1g4,Gg4h4,Gh5g6]}) 13. h5 $1 {Les blancs doivent jouer l'attaque а
tous prix sans compter le matériel} cxd4 {Réaction classique au centre а une
attaque а l'aile} 14. cxd4 gxh5 $1 {[%cal Ga5h5]} 15. e5 {[%cal Gh1h5]} Qd5 {
[%cal Gd5h1] Un coup multifonction qui gagne un tempo sur la Q tout en
empêchant Bc4 afin de jouer f5} (15... f5 16. Bc4+ (16. Qb3+ e6 17. Bc4 Qb6 {
[%cal Gb6b3,Gb6e6]} 18. Qxb6 axb6 19. Ne2 {[%cal Ge2f4]} Nc6 20. Nf4 Rfe8 21.
Rxh5) (16. Rb1 $5 {Cette variante devait donner des compensations acceptables
pour les blancs} Qxa2 17. Rxh5 Nc6 (17... Bc6) 18. Rxb7 Qf7 (18... Rfd8 $2 19.
Qc1 $40 {[%csl Rg5,Rg7,Rg8][%cal Ge3h6,Gc1g5]}) 19. Rg5 Be6 20. d5 $1 Bxd5 21.
Rxf5 $3 Qxf5 22. Qxd5+ e6 23. Qxc6) 16... e6 17. Rxh5 (17. Qb3) 17... Bb5 {
[%cal Gb5f1]}) 16. Rxh5 f5 $1 {[%cal Gg8f7]} 17. Qd2 $2 (17. Bd3 $142 Qf7 (
17... f4 $2 18. Bh7+ Kf7) 18. Rg5 $44) 17... Qf7 $6 {Laisse les blancs revenir
dans la partie} (17... f4 $1 18. Bxf4 Qf7 $19 {[%cal Gf7f4,Gf7h5]}) 18. Rh4 f4
(18... Nc6) 19. Bd3 $1 {[%csl Rg8][%cal Gd3h7]} Bf5 20. Bxf4 Nc6 21. Ne2 $44 {
[%cal Ge2f4,Ge2d4,Gf1g2,Ga1h1]} Rad8 22. Bxf5 (22. Qe3 $5 {[%cal Ge3d4]}) 22...
Qxf5 23. Qe3 Rf7 24. Qg3 (24. Rc1) 24... Nxd4 25. Rd1 {[%cal Gd1d8]} Ne6 26.
Rxd8+ Nxd8 27. Rxg4 Ne6 28. Bh6 Qh7 (28... Qh5 $142 $5 {[%cal Gh5h1]}) 29. Bxg7
(29. Rg6 $1 {[%cal Gg6e6,Gh6g7]}) 29... Rxg7 30. Qb3 $1 {[%csl Rg8][%cal Gb3g8,
Gb3e6,Ge6g4]} Qh1+ 31. Rg1 (31. Ng1 $142 {Les blancs devaient avoir des
meilleures chances pratiques en gardant les R} Qh6 (31... Rxg4 32. Qxe6+) 32.
Rxg7+ Qxg7 33. Qxb7 Qxe5 34. Qxe7 Qa1+ 35. Kg2 Qxa2 36. Nf3 $11) 31... Rxg1+
32. Nxg1 Qc6 33. Qf3 $2 {[%csl Ga7,Gb7] les noirs ont une forte majorité а
l'aile-dame et le Pe5 est assez faible.} (33. Ne2 $142 $11) 33... Qxf3 34. Nxf3
Kf7 {[%csl Re5][%cal Gf7g6,Gg6f5]} 35. Ke2 Kg6 36. Nd2 (36. Kd3 Kf5 37. Kc4 Ke4
$17) 36... Kf5 37. Nc4 b5 38. Na5 Nd4+ 39. Kd3 Kxe5 40. f4+ Kd5 $19 41. a3 Ne6
42. Ke3 Nc5 43. f5 a6 44. Kf4 Kd6 0-1